| 000 | 00719cab a2200241 4500 | ||
|---|---|---|---|
| 001 | WB3329-06 | ||
| 008 | 090401t1997 xxu||||| |||| 00| 0 eng d | ||
| 035 | _a(Sirsi) u79907 | ||
| 041 | _aeng | ||
| 245 | _aMillennium Dome | ||
| 260 | _c1997 | ||
| 350 | _a0 | ||
| 490 |
_aIndependent _v25 July 1997, 19(1) |
||
| 520 | _aLord Melchett, executive director of Greenpeace UK criticises government plans to use PVC in the construction of the Millennium Dome. | ||
| 650 | _aBUILT ENVIRONMENT-BUILDING MATERIALS | ||
| 650 | _aGREENPEACE | ||
| 650 | _aMILLENNIUM COMMISSION | ||
| 650 | _aMILLENNIUM DOME | ||
| 650 | _aPVC | ||
| 690 | _aBUILT ENVIRONMENT-BUILDING MATERIALS | ||
| 942 | _n0 | ||
| 948 | _c25/07/1997 | ||
| 999 |
_c50288 _d50288 |
||